Responses for show #4593 - Wednesday, July 21, 2004

Ken Jennings game 36.

Contestants

[<< previous game]

Art Borgemenke, an adjunct professor from El Paso, Texas

Liese Tamburrino, an international sales manager from Pahrump, Nevada

Ken Jennings, a software engineer from Salt Lake City, Utah (whose 35-day cash winnings total $1,164,660)

[next game >>]

Jeopardy! Round responses

POPULAR SCIENCE TOP STORIES OF 2003
FIRST NAME'S THE SAME
CRIME TIME
STATE NICKNAME FUN
I'VE GOT A BEEF WITH YOU
YOU'RE MAKING ME "MAD"
    $200 18
decaf

Ken
    $200 1
Glenn

Ken
    $200 24
Bonnie Parker

Art
    $200 6
California and Nevada

Ken
    $200 16
ribs

Art
    $200 11
James Madison

Ken
    $400 19
chocolate

Ken
    $400 2
Woody

Ken
    $400 25
Al Capone

Ken
    $400 7
(Alex: Aloha, yes.)

Hawaii

Ken
    $400 17
(Liese: What is a rib steak?)

rump

KenLiese
    $400 12
Madrid

Ken
    $600 20
the universe

Ken
    $600 3
Miles

Ken
    $600 26
John Dillinger

Ken
    $600 8
Enchantment

Ken
    $600 23
the flank

Ken
    $600 13
mad cow disease

Ken
    $800 21
the Appalachians

Ken
    $800 4
Wayne

Ken
    $800 27
Symbionese Liberation Army

Art
    $800 9
Gopher State

Ken
    $800 29
chuck

Art
    $800 14
John Madden

Ken
    $1000 22
(Ken: Who is Wernher von Braun?)

Edward Teller

KenArt
    $1000 5
Isaac

Ken
    $1000 28
Jack Murphy (Murph the Surf)

Triple Stumper
    $4,000 10
(Alex: Thought they were long gone, long extinct in that part of America.)

a wolverine

Ken
    $1000 30
brisket

Liese
    $1000 15
(Art: [After buzzing in] Really?)
...
(Alex: You stopped him! Now, you have to build on your own.)

Madagascar

Art

Scores at the first commercial break (after clue 11):

Ken Liese Art
$9,200 $0 $0

Scores at the end of the Jeopardy! Round:

Ken Liese Art
$14,000 $600 $4,000

Double Jeopardy! Round responses

GERMAN HISTORY
CHARACTERS IN MUSICALS
THE HOUSES SEARS BUILT
WALKING THE DOG
THERE'S A PLACE FOR US
"LA" DEE DA
    $400 1
the fuhrer

Liese
    $400 11
Peter Pan

Ken
    $400 16
the Model T

Ken
    $400 26
(Art: What's a German shepherd?)

Weimaraner

KenArt
    $400 21
Jerusalem

Ken
    $400 6
latino

Ken
    $800 2
"the lion"

Ken
    $800 12
Fiddler On The Roof

Ken
    $800 17
Illinois

Art
    $800 27
Maltese

Ken
    $800 22
Houston

Ken
    $800 7
lawn bowling

Liese
    $1200 3
the Second Reich

Ken
    $1200 13
Mamma Mia!

Ken
    $1200 18
Hollywood

Ken
    $1200 28
(Ken: What's a miniature poodle?)

miniature schnauzer

KenArt
    $1200 23
Columbus

Ken
    $1200 8
(Art: What is Lablatt's?)

Labatt

LieseArt
    $1600 4
Martin Luther

Ken
    $1600 14
Sally Bowles

Ken
    $1600 19
a schoolhouse

Ken
    $1600 29
West Highlands Terrier

Liese
    $1600 24
(Ken: What is Bruzelle?)
...
(Alex: I don't think it's called "Bruzelle" even by the Belgians.)

Brussels

Ken
Triple Stumper
    $1600 9
latitude

Ken
    $2000 5
(Art: What's the Hundred Years' War?)

Thirty Years' War

LieseArt
    $2000 15
(Liese: What is Victor/Victoria?)

Thoroughly Modern Millie

LieseArt
    $3,200 20
(Alex: Yes, a name still associated with Sears.)
(Ken: Oh! I just got it.)

a craftsman

Ken
    $6,600 30
(Liese: Who is Old Yeller?)
...
(Liese: Rats.)
(Alex: Yeah, because you were left with no money, and that means you won't be able to play in Final Jeopardy! You have no cash. So, we're gonna have to say good-bye. But you seem to have had a good time.)
(Liese: I had a blast. Thank you very much.)

Chesapeake Bay Retriever

Liese
    $2000 25
(Ken: What is Damascus?)
...
(Alex: Now you realize your mistake, Ken. You should've said [*].)

Tarsus

Ken
Triple Stumper
    $2000 10
(Ken: What's Lagasse?)

Karl Lagerfeld

KenLiese

Scores at the end of the Double Jeopardy! Round:

Ken Liese Art
$26,800 $0 $4,400
(lock game)

[wagering suggestions for these scores]

Final Jeopardy! Round responses

SINGERS
(Alex: I would love to sing for you, but instead, I will read the clue.)
(Alex: Yes, I go to pieces. And you didn't.)
ArtWho is Patsy Cline?
$4,400
KenWho is Patsy Cline?
$3,200
Patsy Cline

Final scores:

Ken Liese Art
$30,000 $0 $8,800
36-day champion: $1,194,660 3rd place: $1,000 2nd place: $2,000

Game dynamics:

Coryat scores:

Ken Liese Art
$22,600 $6,600 $4,400
40 R
(including 2 DDs),
5 W
7 R,
3 W
(including 1 DD)
9 R,
3 W

Combined Coryat: $33,600

The J! Archive is created by fans, for fans. The Jeopardy! game show and all elements thereof, including but not limited to copyright and trademark thereto, are the property of Jeopardy Productions, Inc. and are protected under law. This website is not affiliated with, sponsored by, or operated by Jeopardy Productions, Inc. Join the discussion at JBoard.tv.